Dog politics (Record no. 81132)
[ view plain ]
| 000 -LEADER | |
|---|---|
| fixed length control field | 02838namaa2200337uu 4500 |
| 001 - CONTROL NUMBER | |
| control field | doab136430 |
| 003 - CONTROL NUMBER IDENTIFIER | |
| control field | oapen |
| 005 - DATE AND TIME OF LATEST TRANSACTION | |
| control field | 20260218110439.0 |
| 006 - FIXED-LENGTH DATA ELEMENTS--ADDITIONAL MATERIAL CHARACTERISTICS | |
| fixed length control field | m o d |
| 007 - PHYSICAL DESCRIPTION FIXED FIELD--GENERAL INFORMATION | |
| fixed length control field | cr|mn|---annan |
| 008 - FIXED-LENGTH DATA ELEMENTS--GENERAL INFORMATION | |
| fixed length control field | 240416s2024 xx |||||o ||| 0|eng d |
| 020 ## - INTERNATIONAL STANDARD BOOK NUMBER | |
| International Standard Book Number | 9781526174802 |
| 040 ## - CATALOGING SOURCE | |
| Original cataloging agency | oapen |
| Transcribing agency | oapen |
| Modifying agency | |
| 041 0# - LANGUAGE CODE | |
| Language code of text/sound track or separate title | eng |
| 042 ## - AUTHENTICATION CODE | |
| Authentication code | dc |
| 245 00 - TITLE STATEMENT | |
| Title | Dog politics |
| Remainder of title | Species stories and the animal sciences |
| 260 ## - PUBLICATION, DISTRIBUTION, ETC. | |
| Place of publication, distribution, etc. | Manchester |
| Name of publisher, distributor, etc. | Manchester University Press |
| Date of publication, distribution, etc. | 2024 |
| 300 ## - PHYSICAL DESCRIPTION | |
| Extent | 1 online resource (289 p.) |
| 336 ## - CONTENT TYPE | |
| Content type term | text |
| Content type code | txt |
| Source | rdacontent |
| 337 ## - MEDIA TYPE | |
| Media type term | computer |
| Media type code | c |
| Source | rdamedia |
| 338 ## - CARRIER TYPE | |
| Carrier type term | online resource |
| Carrier type code | cr |
| Source | rdacarrier |
| 506 0# - RESTRICTIONS ON ACCESS NOTE | |
| Standardized terminology for access restriction | Unrestricted online access |
| Source of term | star |
| 520 ## - SUMMARY, ETC. | |
| Summary, etc. | Everywhere dogs are found, they are stitched into human hearts. But are humans stitched into dogs' hearts? Countless celebrations of 'the dog-human bond' suggest that they are. Yet 'the bond' does not always come easily to dogs. Dog Politics seeks to denaturalise, in different ways, dogs' 'species story', the scientific story that claims that being with humans somehow constitutes dogs' evolutionary destiny. This book asks what evidence exists for this story; what choices dogs have but to go along with it; and what expectations, demands and burdens it places on dogs, on a daily basis. In doing so, it offers an unfamiliar and discomfiting account of the lives of domesticated dogs' today. Dog Politics is an empirical investigation of dogs in science that makes important theoretical contributions to debates of contemporary significance. It addresses how the connections between animal behaviours and species identities are established in theory and practice. It analyses the enduring entanglement of racism and speciesism, and how the interlocking relations between these prejudices are shaped by the different ways that the categories of 'race' and of species are conceived of in science over time. In the light of the reification and exploitation of dogs' perceived relationality with humans, it looks again at the ethics and politics of intersubjectivity, becoming-with, entanglements. It disputes that species can be separated from storying. Above all, Dog Politics shows how species stories erase the singular individual animal as a figure of theoretical, methodological, ethical and political value, and with what dire consequences. |
| 536 ## - FUNDING INFORMATION NOTE | |
| Text of note | University of London |
| 540 ## - TERMS GOVERNING USE AND REPRODUCTION NOTE | |
| Terms governing use and reproduction | Creative Commons |
| -- | https://creativecommons.org/licenses/by-nc-nd/4.0/ |
| -- | cc |
| Uniform Resource Identifier | <a href="https://creativecommons.org/licenses/by-nc-nd/4.0/">https://creativecommons.org/licenses/by-nc-nd/4.0/</a> |
| 546 ## - LANGUAGE NOTE | |
| Language note | English |
| 720 1# - ADDED ENTRY--UNCONTROLLED NAME | |
| Name | Motamedi Fraser, Mariam |
| Relator code | aut |
| 793 0# - | |
| -- | DOAB Library. |
| 856 ## - ELECTRONIC LOCATION AND ACCESS | |
| Uniform Resource Identifier | <a href="https://docs.google.com/spreadsheets/d/1yKIrdCPDAG_9c22mwoOIO2DOhtj65Wqa/edit?usp=sharing&ouid=106555315294820607512&rtpof=true&sd=true ">https://docs.google.com/spreadsheets/d/1yKIrdCPDAG_9c22mwoOIO2DOhtj65Wqa/edit?usp=sharing&ouid=106555315294820607512&rtpof=true&sd=true </a> |
| Link text | List of Curated E-Books |
| 942 ## - ADDED ENTRY ELEMENTS (KOHA) | |
| Koha item type | E-Book |
| Withdrawn status | Damaged status | Not for loan | Home library | Current library | Date acquired | Total Checkouts | Date last seen | Price effective from | Koha item type |
|---|---|---|---|---|---|---|---|---|---|
| Directory of Open Access Books | Directory of Open Access Books | 12/09/2024 | 12/09/2024 | 12/09/2024 | E-Book |